Esteban Lisa (Record no. 3340)

MARC details
000 - LÍDER
campo de control de longitud fija 00983nam a2200205Ia 4500
008 - ELEMENTOS DE DATOS DE LONGITUD FIJA - INFORMACIÓN GENERAL
campo de control de longitud fija 0000001998 sp a 0000000000spa00
090 ## - NÚMERO DE LLAMADA DE TIPO LC LOCALMENTE ASIGNADO (OCLC)
Número de clasificación (OCLC) (R) PSP00 Z87e
100 1# - ENTRADA PRINCIPAL - NOMBRE PERSONAL
Nombre de la persona Zurstrassen, Yves
245 10 - TÍTULO DECLARACIÓN
Título Esteban Lisa
Resto del título : Toledo 1895, Buenos Aires 1983
Declaración de responsabilidad / textos Yves Zurstrassen, Juan Manuel Bonet, César Paternosto ; fotografías Joaquín Cortés, Alejandro Lamas
260 ## - PUBLICACIÓN, DISTRIBUCIÓN
Lugar de publicación Madrid : Guillermo de Osma Galería \
Fecha de publicación 1998
300 ## - DESCRIPCIÓN FÍSICA
Alcance 51 p.
Dimensiones / 27 cm.
500 ## - NOTA GENERAL
Nota general Exposición realizada en Guillermo de Osma Galería, Madrid, 1998 \ Con el patronazgo del maestro venezolano Jesús Rafael Soto (q.e.p.d.) \ Registro auspiciado por el IDCT. Bogotá
600 00 - ENTRADA DE SUJETO AÑADIDO - NOMBRE PERSONAL
Nombre de la persona LISA, ESTEBAN, 18951983/
Subdivisión general TRABAJOS PICTORICOS
650 14 - ENTRADA DE SUJETO AÑADIDO - TÉRMINO TÓPICO
Término tópico o elemento de entrada del nombre geográfico ARTE CONTEMPORANEO ESPAÑOL
650 14 - ENTRADA DE SUJETO AÑADIDO - TÉRMINO TÓPICO
Subdivisión general CATALOGOS
650 14 - ENTRADA DE SUJETO AÑADIDO - TÉRMINO TÓPICO
Subdivisión general EXPOSICIONES
650 14 - ENTRADA DE SUJETO AÑADIDO - TÉRMINO TÓPICO
Término tópico o elemento de entrada del nombre geográfico PINTORES ESPAÑOLES
650 14 - ENTRADA DE SUJETO AÑADIDO - TÉRMINO TÓPICO
Término tópico o elemento de entrada del nombre geográfico PINTURA ESPAÑOLA
700 1# - ENTRADA AGREGADA - NOMBRE PERSONAL
Nombre de la persona Bonet, Juan Manuel \ Paternoso, César \ Cortés, Joaquin \ Lamas, Alejandro
Holdings
Estado de retirada Pérdida de estatus Estado dañado No para préstamo Código de recogida Ubicación permanente Ubicación actual Ubicación de las estanterías Fecha de adquisición Número de llamada completo Código de barras Fecha de la última vez que se vio Número de copia Precio efectivo desde Tipo de artículo Koha
        General ArtNexus ArtNexus General 06/09/2022 P-SP-00 Z87E 3343 06/09/2022 Ej.1 06/09/2022 Libro

Powered by Koha